Dopasuj Województwo do Miasta #1 - Statystyki

Ogólne statystyki
  • Ten quiz został rozwiązany 60 razy
  • Średni wynik to 10 z 15
Statystyki odpowiedzi
Miasto Województwo % Poprawnych
Dąbrowa Górnicza Śląskie
82%
Września Wielkopolskie
82%
Konin Wielkopolskie
82%
Sanok Podkarpackie
76%
Stargard Zachodniopomorskie
76%
Chojnice Pomorskie
73%
Świebodzin Lubuskie
69%
Łomża Podlaskie
69%
Hrubieszów Lubelskie
65%
Bytów Pomorskie
62%
Busko-Zdrój Świętokrzyskie
62%
Prudnik Opolskie
60%
Oleśnica Dolnośląskie
58%
Kluczbork Opolskie
58%
Chrzanów Małopolskie
56%
Nie znaleziono quizów pasujących do podanych kryteriów
Rozkład punktacji
Procent ludzi z każdym wynikiem
Percentyl według liczby udzielonych odpowiedzi
Twoja historia wyników
Nie rozwiązałeś tego quizu